000 00360nam a22001577a 4500
003 OSt
008 240224b |||||||| |||| 00| 0 eng d
020 _a9781774580585
082 _a158.1
_bSTH
100 _aSTANIER,Michael Bungay
245 _aHow to Begin
250 _a1st Ed
260 _aNew Delhi
_bReplika Press
_c-
300 _a249
942 _2ddc
_cBK
999 _c12245
_d12245